000 01273nam0a2200313 4500
001 RU\NLR\ONL2\11243
005 20250806203103.0
035 _a(NLR Aleph) 009658831
090 _a82932
_c82932
100 _a20081006d1942 u y0rusy50 ca
101 0 _aaze
102 _aAZ
105 _aa |||||||||
200 1 _aМанжетли дәрин насослар
_fС. Я. Арзуманов, Г. С. Берлин
_gССРИ Халг Нефт Сәнаси Комиссариаты фәhлә кадрлары вә әмтәә hаггы шө'бәси. Мәркәзи норматив-тәдгигат группасы
210 _aБакы
_cАзДТЯТН
_d1942
215 _a32 с., [1] л. черт.
_cчерт.
_d14
541 1 _aМанжетные глубокие насосы
_zrus
606 0 _aБуровые насосные станции
_2nlr-sh2
_2nlr-sh1
_3RU\NLR\auth\66211889
686 1 _aИ131.03-5
700 1 _aАрзуманов
_bС. Я.
_4070
701 1 _aБерлин
_bГ. С.
_4070
801 0 _aRU
_bNLR
_c20081008
_gPSBO
852 _aNLR
_bОНЛ
_jАзерб./1-679
942 _cBOOK
945 _aРоссийская национальная библиотека
980 _aBV
980 _aONL_RF